000
00294nam a2200121Ia 4500
005
20251222152620.0
008
251222s9999||||xx |||||||||||||| ||spa||
020
_a
8470574108
082
_a
270/K94
100
_a
Kung, Hans
245
0
_a
El Cristianismo y las Grandes Religiones:
942
_c
LIB
999
_c
27324
_d
27324